00900nam a2200265Ia 450000500170000000800410001702000180005804100080007610000150008424500630009925000180016230000500018060000540023065000430028465000450032765000350037265000370040770000290044426400270047333600270050033700330052733800280056004000350058808400110062320220317001828.0170410s2013 s a g 000 p s  a9788496473652 aspa1 aAzid, Aloe13aEl libro inclinado de Peter Newellcversión de Aloe Azid a3a. edición a[48] páginasbilustraciones en colorc23 cm14aNewell, Peterd1862-1924vAdaptaciones literarias142LEMBaPoesía infantil estadounidense142LEMBaLiteratura infantil estadounidense142LEMBaNiños en la literatura142LEMBaAventuras en la literatura1 aNewell, Peterd1862-1924 aBarcelonabThulec2013 atextobtxt2rdacontent asin mediaciónbn2rdamedia avolumenbnc2rdacarrier aCO-BoRNBPbspaerdacCO-BoRNBP aP AZI1